[Event "West Attica-ch U12 7th"]
[Site "Karpenisi"]
[Date "2011.09.06"]
[Round "1.6"]
[White "Mavrouli, Ioanna"]
[Black "Balamoti, Kiriaki"]
[Result "0-1"]
[WhiteElo "1000"]
[BlackElo "1010"]
[PlyCount "82"]
[EventDate "2011.09.06"]
[EventType "swiss"]
[EventRounds "7"]
[EventCountry "GRE"]
[SourceTitle "EXT 2024"]
[Source "ChessBase"]
[SourceDate "2023.10.10"]
[SourceVersion "1"]
[SourceVersionDate "2023.10.10"]
[SourceQuality "1"]

1. e4 e5 2. Nf3 Nc6 3. Nc3 Nf6 4. Bc4 d6 5. d3 Bg4 6. h3 Be6 7. Bg5 h6 8. Bh4 g5 9. Bg3 Bxc4 10. dxc4 Nh5 11. Bh2 Nf4 12. Rg1 f6 13. Qd2 Qd7 14. Qd1 g4 15. hxg4 Qxg4 16. b3 Nxg2+ 17. Ke2 Nd4+ 18. Kd3 Nxf3 19. Rh1 Rg8 20. Nd5 0-0-0 21. Bg3 Nf4+ 22. Ke3 Nxd5+ 23. exd5 e4 24. Rf1 Qh3 25. Rh1 Qg4 26. Rc1 h5 27. Ke2 Bh6 28. Rb1 Bf4 29. Bxf4 Qxf4 30. Rc1 Rg2 31. Rf1 Rdg8 32. Rb1 h4 33. Rh1 h3 34. Rc1 h2 35. Qf1 Rg1 36. Rxg1 hxg1Q 37. Qxg1 Nxg1+ 38. Rxg1 Rxg1 39. f3 exf3+ 40. Kf2 Rg2+ 41. Ke1 Qc1# 0-1

[Event "West Attica-ch U10"]
[Site "Athens"]
[Date "2009.09.12"]
[Round "7"]
[White "Mavrouli, Ioanna"]
[Black "Makrakis, Ioannis"]
[Result "1/2-1/2"]
[WhiteElo "1005"]
[BlackElo "1005"]
[PlyCount "43"]
[EventDate "2009.09.08"]
[EventType "swiss"]
[EventRounds "7"]
[EventCountry "GRE"]
[SourceTitle "EXT 2011"]
[Source "ChessBase"]
[SourceDate "2010.11.26"]
[SourceVersion "1"]
[SourceVersionDate "2010.11.26"]
[SourceQuality "1"]

1. e4 e6 2. Nf3 d6 3. Bc4 Bd7 4. d4 Be7 5. Bf4 Nc6 6. Nc3 Nf6 7. Qd2 0-0 8. 0-0 a6 9. Rfe1 b5 10. Bd3 d5 11. exd5 Nxd5 12. Ne4 Nxf4 13. Qxf4 f5 14. Nc3 Bb4 15. a3 Bxc3 16. bxc3 Rb8 17. Rab1 a5 18. Bxb5 Rb7 19. c4 Na7 20. a4 c6 21. Ba6 Rxb1 22. Rxb1 1/2-1/2